How Do You Like Them Apples? - Statistics

General Stats
  • This quiz has been taken 23,111 times
  • The average score is 8 of 15
Answer Stats
Hint Answer % Correct
What city is nicknamed "The Big Apple"? New York City
98%
Who ate an apple after being tempted by a serpent? Eve
97%
Who, according to legend, discovered the laws of gravity after being struck on the head by a falling apple? Isaac Newton
96%
Who led Apple Computer until his death in 2011? Steve Jobs
89%
Who fell into a coma after taking a bite of a poisoned apple? Snow White
88%
What is the best-selling cultivar of green apples? Granny Smith
60%
What American folk hero is famous for planting apple trees? Johnny Appleseed
50%
Who used a crossbow to shoot an apple off his son's head? William Tell
48%
What apple cultivar is named after an Asian mountain? Fuji
46%
What rock band founded Apple Records? The Beatles
43%
Which U.S. state grows the most apples? Washington
42%
What mythological figure stole golden apples from Hera's orchard? Hercules
26%
What actor delivered the line "I got her number. How d'ya like them apples"? Matt Damon
25%
On what Jewish holiday do people eat apples and honey? Rosh Hashanah
22%
What Greek goddess caused havoc by tossing an apple into a party inscribed "to the fairest"? Eris
16%
No matching quizzes found
Score Distribution
Percent of People with Each Score
Percentile by Number Answered
Your Score History
You have not taken this quiz